000 00750 a2200193 4500
005 2008082505125.0
008 080825t xxu||||| |||| 00| 0 eng d
010 _aENG-87068
020 _a8185044465
_c315.00
035 _aEN-70601
037 _bDBAD / PUB
082 _a658.8
245 _aEmerging issues in modern marketing
_cedited by D.D. Arora
260 _aNew Delhi
_bUDH Publishers & Distributors
_c2004
270 _a4762-63/23, Ansari Road, Darya Ganj,
_bNew Delhi
_e110 002
300 _axi, 164p.
_c21cm (Hb)
942 _adpl
_cEN
_k658.8 / EME
_2ddc
_h658.8
_mEME
999 _c5911
_d5911